|
|
|
|
| LEADER |
00000nam a22000007a 4500 |
| 008 |
180619b2016 s ||||| |||| 00| | spa d |
| 999 |
|
|
|c 3507
|d 3507
|
| 020 |
|
|
|a 9788499610399
|
| 090 |
|
|
|a 04.02.01
|b 2469
|
| 100 |
|
|
|9 4533
|a Albert Gómez, María José
|
| 245 |
1 |
3 |
|a La educación en derechos humanos a través del ciberespacio /
|c Ma. José Albert Gómez, María García Pérez Calabuig
|
| 250 |
|
|
|a primera edición, 2011
|
| 260 |
|
|
|a Madrid :
|b Editorial Universitaria Ramón Areces,
|c segunda reimpresión, 2016
|
| 300 |
|
|
|a 201 páginas
|
| 650 |
1 |
4 |
|9 588
|a DERECHOS HUMANOS
|
| 650 |
1 |
0 |
|a EDUCACIÓN EN VALORES
|9 719
|
| 650 |
1 |
4 |
|9 484
|a TECNOLOGÍA DE LA INFORMACIÓN
|
| 650 |
1 |
4 |
|9 925
|a TECNOLOGÍA DE LAS COMUNICACIONES
|
| 650 |
1 |
4 |
|9 667
|a DISCRIMINACIÓN
|
| 650 |
1 |
4 |
|9 84
|a DERECHOS DE LA MUJER
|
| 650 |
1 |
4 |
|9 570
|a DERECHOS DEL NIÑO
|
| 650 |
1 |
4 |
|9 642
|a SOCIEDAD DE LA INFORMACIÓN
|
| 700 |
|
|
|9 3783
|a García Pérez Calabuig, María
|
| 942 |
|
|
|i 004469
|h 04.02.01 2469
|2 z
|c 01
|